000 01057nam a2200277Ia 4500
003 OSt
005 20221005111713.0
006 a|||||r|||| 00| 0
007 ta
008 221004b |||||||| |||| 00| 0 hin d
020 _a9789387145283 (hbk)
_cINR 400.00
024 _a42570
037 _bNKP/884/18-19, 16/03/2019, Nayee Kitab Prakashan
_cTextual
040 _aCRL
_cCRL
_bhin
041 _2hin
_ahin
082 _aO152:g(Y15), Q8
100 _aश्रीवास्तव, गरिमा, ले.
245 0 _aस्त्री - दर्पण
246 _aStrī - darpaṇa
260 _aभारत
_bअनन्य प्रकाशन भारत
_c2018
300 _a200पृ0
_ccm.
490 _aहिन्दी नवजागरण और स्त्री
650 _aहिन्दी साहित्य
942 _hO152:g(Y15), Q8
_cTEXL
_2cc
999 _c1022644
_d1022644